书目信息 |
| 题名: |
微电子电路
|
|
| 作者: | 史密斯, , 塞德雷, 著 ;周玲玲 , 蒋乐天 , 应忍冬 译 | |
| 分册: | 上册 | |
| 出版信息: | 北京 电子工业出版社 2006.07 |
|
| 页数: | 25, 876页 | |
| 开本: | 26cm | |
| 丛书名: | ||
| 单 册: | ||
| 中图分类: | TN47 | |
| 科图分类: | ||
| 主题词: | 超大规模集成电路--chao da gui mo ji cheng dian lu--教材 | |
| 电子资源: | ||
| ISBN: | 7-121-02670-8 | |
| 000 | 01544nam0 2200349 450 | |
| 001 | 012006239469 | |
| 005 | 20071217152937.67 | |
| 010 | @a7-121-02670-8@dCNY79.80 (含光盘) | |
| 100 | @a20061029d2006 km y0chiy0120 ea | |
| 101 | 1 | @achi@ceng |
| 102 | @aCN@b110000 | |
| 105 | @ay a 000yy | |
| 200 | 1 | @a微电子电路@Awei dian zi dian lu@d= Microelectronic circuits@h上册@f(美) Adel S. Sedra, Kenneth C. Smith著@F(mei)Adel S.Sedra,Kenneth C.Smith zhu@g周玲玲, 蒋乐天, 应忍冬等译@Gzhou ling ling,jiang yue tian,ying ren dong deng yi@zeng |
| 210 | @a北京@c电子工业出版社@d2006.07 | |
| 215 | @a25, 876页@d26cm@e光盘1片 | |
| 300 | @a国外电子与通信教材系列 | |
| 305 | @a据原书第五版译出 | |
| 306 | @a本书中文简体版专有出版权由美国 Oxford University Press, Inc. 授予电子工业出版社 | |
| 307 | @a光盘 ISBN : 7-89496-925-7 | |
| 314 | @a责任者Sedra汉译姓为塞德雷; 责任者Smith规范汉译姓为史密斯. | |
| 320 | @a有书目 (第868-869页) | |
| 330 | @a本书主要内容包括运算放大器、二极管、场效应晶体管、双极型晶体管、单极集成电路放大器、差分和多级放大器、反馈放大器、运算放大器和数据变换电路。 | |
| 510 | 1 | @aMicroelectronic circuits@zeng |
| 606 | 0 | @a超大规模集成电路@Achao da gui mo ji cheng dian lu@j教材 |
| 690 | @aTN47@v4 | |
| 701 | 1 | @a史密斯,@Ashi mi si,@bK. C.@g(Smith, Kenneth Carless)@4著 |
| 701 | 1 | @a塞德雷,@Asai de lei,@bA. S.@g(Sedra, Adel S.)@4著 |
| 702 | 0 | @a周玲玲@Azhou ling ling@4译 |
| 702 | 0 | @a蒋乐天@Ajiang yue tian@4译 |
| 702 | 0 | @a应忍冬@Aying ren dong@4译 |
| 801 | 0 | @aCN@c20071217 |
| 905 | @dTN47@eS010:1 | |
| 微电子电路= Microelectronic circuits.上册/(美) Adel S. Sedra, Kenneth C. Smith著/周玲玲, 蒋乐天, 应忍冬等译.-北京:电子工业出版社,2006.07 |
| 25, 876页;26cm+光盘1片 |
| 国外电子与通信教材系列 |
| ISBN 7-121-02670-8:CNY79.80 (含光盘) |
| 本书主要内容包括运算放大器、二极管、场效应晶体管、双极型晶体管、单极集成电路放大器、差分和多级放大器、反馈放大器、运算放大器和数据变换电路。 |
| ● |
| 相关链接 |
|
|
|
正题名:微电子电路
索取号:TN47/S010:1
 
预约/预借
| 序号 | 登录号 | 条形码 | 馆藏地/架位号 | 状态 | 备注 |
| 1 | 224938 | 202249389 | 自科库301/404自科库 19排1列4层/ [索取号:TN47/S010:1] | 在馆 | |
| 2 | 224939 | 202249398 | 自科库301/301自科库 28排2列2层/ [索取号:TN47/S010:1] | 在馆 | |
| 3 | 450178 | 204501789 | 自科库301/404自科库 19排1列3层/ [索取号:TN47/S010:1] | 在馆 | |
| 4 | 450857 | 204508577 | 自科库301/301自科库 28排2列2层/ [索取号:TN47/S010:1] | 在馆 |